000 00619nam a22001937a 4500
005 20251108164143.0
008 250721s1992 xx 000 0 ara d
082 1 4 _a211/شحر
100 1 _aشحرور، محمد
245 1 0 _aالكتاب و القرآن : قراءة معاصرة /
250 _aط6.
264 1 _aدمشق :
_bالأهالي للنشر،
_c1992.
300 _a822ص.
500 _aبأخرة الكتاب أسرار اللسان العربي / جعفر دك الباب
650 1 7 _aالقرآن الكريم
650 1 7 _aالعلوم القرآنية
942 _2ddc
_cBK
999 _c4990
_d4990